000
00268nam a2200109Ia 4500
008
220204s9999 xx 000 0 und d
082
_a
82-3
_b
ROY
100
_a
Roy, Arundhati
245
4
_a
The God of small things
260
_a
New Delhi
_b
India Link
_c
1997
942
_c
BK
999
_c
41307
_d
41307